00489cam a22001457a 4500008004000000082001600040100002000056245003300076260002400109300001400133500007700147650001300224999001900237952008700256180718b1995 xxu||||| |||| 00| 0 eng d aT19x54 P218 aSarkar, Subrata aIndusty - poised for takeoff aDelhibKonarkc1995 ap.107-128 a[In]Mid - year review of the economy 1994 - 95 edited by Kirit S. Parikh aIndustry c377923d377923 00104070aIIPAbIIPAd1995-06-06oT19x54 P218pCB915r2018-07-21w2018-07-21yCB